Mensaje de S.E. el Presidente de la República don Gabriel González Videla al Congreso Nacional al inaugurar el período ordinario de sesiones 21 de Mayo de 1951

Gespeichert in:
Bibliographische Detailangaben
Format: Buch
Sprache:Spanisch
Veröffentlicht: Santiago Penitenciaría de Santiago 1951
Schlagworte:
Tags: Tag hinzufügen
Keine Tags, Fügen Sie den ersten Tag hinzu!

MARC

LEADER 00000nam a2200000 a 4500
001 UCS3633
003 CL-VaPUC
008 970704e19510000CL |||||||||||||||||spa|d
082 0 4 |a 351.003  |b MEN  |2 21 
245 1 0 |a Mensaje de S.E. el Presidente de la República don Gabriel González Videla al Congreso Nacional al inaugurar el período ordinario de sesiones 21 de Mayo de 1951 
300 |a 474 p 
942 |c BK 
945 |d 19970704 00:00:00  |a lriquelm 
260 |a Santiago  |b Penitenciaría de Santiago  |c 1951 
600 0 7 |a GONZALEZ VIDELA, GABRIEL  |2 CL-VaPUC  |9 308284 
650 7 |a MENSAJES PRESIDENCIALES  |2 CL-VaPUC  |9 256599 
650 0 |a Presidentes  |9 255176 
650 0 |a Política y gobierno  |9 255151 
651 7 |a CHILE  |2 CL-VaPUC  |9 389822 
583 |a last modification  |c 19970704 00:00:00  |k Rodrigo Vera 
999 |c 261269  |d 261267 
952 |0 0  |1 0  |4 0  |6 351_003000000000000_MEN_1951  |7 0  |8 F  |9 288556  |a BIBDER  |b BIBDER  |d 2019-11-19  |i 1868608  |o 351.003 MEN 1951  |p 1868608  |r 2023-01-25  |w 2019-11-19  |y BK_F  |k DER